| 000 | 00874cam a2200277 i 4500 | ||
|---|---|---|---|
| 001 | 35314 | ||
| 003 | BD-RjUL | ||
| 005 | 20211209052310.0 | ||
| 008 | 140522s1978 enk b 001 0 eng d | ||
| 020 | _a0852642490 | ||
| 035 | _a(BD-RjUL)35408 | ||
| 040 |
_aDLC _cDLC _dBD-RjUL _beng |
||
| 041 | _aeng | ||
| 082 | 0 | 0 |
_a519.2 _bDAT 1978 |
| 100 | 1 |
_aDavid, H. A. _q(Herbert Aron), _d1925- _922022 |
|
| 245 | 1 | 4 |
_aThe theory of competing risks / _cH. A. David, M. L. Moeschberger. |
| 260 |
_aLondon : _bGriffin, _c1978. |
||
| 300 |
_avii, 103 p. : _bgraphs ; _c22 cm. |
||
| 490 | 0 | _aGriffin's statistical monographs and courses ; no. 39 | |
| 504 | _aIncludes bibliographical references and index. | ||
| 650 | 0 |
_aCompeting risks. _9107579 |
|
| 700 | 1 |
_aMoeschberger, Melvin L., _ejoint author. _9107580 |
|
| 942 |
_2ddc _cBK |
||
| 999 |
_c35314 _d35314 |
||